000 01913cam a2200313 a 4500
999 _c9321
_d9321
001 17247854
003 GBCCL
005 20241126110709.0
008 120409s2012 miua 001 0 eng
010 _a 2012014668
020 _a9780310492238 (pbk.)
020 _z9780310492245
_qebook
040 _aDLC
_cDLC
_dDLC
042 _apcc
050 0 0 _aBS543
_b.K63 2012
082 0 0 _a230.041
_223
_bKLI
100 1 _aKlink, Edward W.,
_cIII,
_d1975-
_916241
245 1 0 _aUnderstanding biblical theology :
_ba comparison of theory and practice /
_cEdward W. Klink III and Darian R. Lockett.
260 _aGrand Rapids, Mich. :
_bZondervan,
_c2012.
300 _a193 p. :
_bill. ;
_c23 cm.
500 _aIncludes indexes.
505 0 _aSpectrum of biblical theology -- Biblical theology as historical description -- Biblical theology as historical description: definition -- Biblical theology as historical description: James Barr -- Biblical theology as history of redemption -- Biblical theology as history of redemption: definition -- Biblical theology as history of redemption: D. A. Carson -- Biblical theology as worldview-story -- Biblical theology as worldview-story: definition -- Biblical theology as worldview-story: N. T. Wright -- Biblical theology as canonical approach -- Biblical theology as canonical approach: definition -- Biblical theology as canonical approach:Brevard Childs -- Biblical theology as theological construction -- Biblical theology as theological construction: definition -- Biblical theology as theological construction: Francis Watson -- Understanding biblical theology.
630 0 0 _aBible
_xTheology.
_9357
630 0 0 _aBible
_xHermeneutics.
_91790
700 1 _aLockett, Darian R.
_916242
906 _a7
_bcbc
_corignew
_d1
_eecip
_f20
_gy-gencatlg
942 _2ddc
_cBK
_01